Statistiques concernant Quiz sur l'Italie

Cliquez ici pour prendre le quiz!

Statistiques générales

  • Ce quiz a été pris 16 090 fois
  • Le résultat moyen est 24 sur 36

Statistiques - réponses

QuestionRéponse% Correct
« Italie » en italienItalia
98%
Pays frontaliersFrance
96%
Pays frontaliersSuisse
94%
Ville de la tour inclinéePise
87%
Deux plus grandes îlesSicile
87%
Connue pour ses canauxVenise
87%
Volcan qui a détruit PompéiVésuve
86%
Capitale de la modeMilan
85%
Pays frontaliersAutriche
84%
Fondateurs de RomeRomulus
83%
Deux plus grandes îlesSardaigne
82%
Fondateurs de RomeRémus
81%
Peintre de la Chapelle SixtineMichel-Ange
79%
Ville d'origine de la pizzaNaples
78%
Pays frontaliersSlovénie
77%
Capitale de la mode (it)Milano
74%
Pays frontaliersVatican
74%
Ville de la tour inclinée (it)Pisa
72%
Plus haut volcanEtna
70%
Capitale de la ToscaneFlorence
70%
Pays frontaliersSaint-Marin
70%
Organisatrice des JO en 2006Turin
69%
Ville d'origine de la pizza (it)Napoli
68%
Archétype de la RenaissanceLéonard de Vinci
56%
Premier empereur de RomeAuguste
54%
Championnat de footballSerie A
53%
Organisatrice des JO en 2006 (it)Torino
51%
Plus long fleuve
49%
Devise monétaire, avant 2002Lire
47%
Connue pour ses canaux (it)Venezia
44%
Surnom de RomeLa Ville {Éternelle}
43%
Point culminantMonte Bianco
42%
Capitale de la ToscaneFirenze
40%
Père de la Physique moderneGalilée
28%
Luthier célèbre, mort en 1737Antonio Stradivari
27%
Pionnier de la radiodiffusionGuglielmo Marconi
10%

Distribution des résultats

Percentile par nombre de réponses

% des personnes avec chaque résultat

Votre développement - résultats

Vous n’avez pas pris ce quiz